000 00487nam a2200181Ia 4500
005 20250508160207.0
008 008 250505s9999 xx 000 0 eng d
037 _aBooks to be hide in OPAC
040 _aFEDL
_beng
_cFEDL
041 _aeng
_2eng
084 _qFEDL
245 0 _aStatistics of kindergartens 1919-20
260 _aWashington, USA
_bU.S. Government Printing Office
_c1922
300 _a10p.
546 _aWeeded out
942 _cHB
999 _c1362567
_d1362567